000 01038nam a2200229 a 4500
001 000043500
005 20201002044822.0
008 110316s2013 dr ad 000 0 spa d
040 _aDO-SdBNP
_bspa
_cBNPHU
082 _a330.97293
_bA532d, 2008-2009
245 0 0 _aAnálisis del desempeño económico y social de la República Dominicana 2008 - 2009 /
_ccoordinadores Madaglena Lizardo, Alexis Cruz, Ángeles Calzada.
260 _aSanto Domingo :
_bMEPyD,
_c2013.
300 _a83 p. :
_bil., diagr. ;
_c28 cm.
590 _aInventariado, 2018/ YL
651 4 _aRepública Dominicana
_xCondiciones Económicas
_y2008-2009
_971200
651 4 _aRepública Dominicana
_xCondiciones Sociales
_y2008-2009
_971201
700 1 2 _aLizardo Magdalena
_ecoord.
_938602
700 1 2 _aCruz, Alexis
_ecoord.
_971202
700 1 2 _aCalzada, Ángeles
_ecoor.
_92989
710 1 2 _aRepública Dominicana.
_bMinisterio de Economía, Planificación y Desarrollo. Unidad Asesora de Análisis Económico y Social
_971203
910 _aValidado. Control de calidad MFF
999 _c42989
_d42989